Omnis pulchritudo Domini : motet for the Ascension of our Lord for 5 voices /

Bibliographic Details
Main Author: Silva, Andreas de
Other Authors: Imrie, Martyn
Format: Musical Score Book
Language:Latin
Published: London : Mapa Mundi, [1978]
Series:Mapa Mundi (Series). Franco/Flemish church music ; no. 6.
Subjects:

MARC

Tag First Indicator Second Indicator Subfields
LEADER 00000ccm a2200000Ia 4500
001 in00002487828
005 20151110131800.0
008 810302s1978 enkmoa hi n lat
010 |a  80771903  
029 1 |a AU@  |b 000006600183 
029 1 |a NZ1  |b 12314676 
035 |a (OCoLC)ocm07183952 
035 |a (OCoLC)7183952 
040 |a DLC  |c CLU  |d IUL  |d OCLCQ  |d TXA  |d UtOrBLW 
048 |a ca05 
049 |a TXAM 
050 4 |a M2098  |b .A6S [(M2092.5)] 
090 |a M2098.S55  |b O56 1978 
100 1 |a Silva, Andreas de. 
245 1 0 |a Omnis pulchritudo Domini :  |b motet for the Ascension of our Lord for 5 voices /  |c Andreas de Silva ; transcribed and edited by Martyn Inrie. 
264 1 |a London :  |b Mapa Mundi,  |c [1978] 
264 4 |c ©1978 
300 |a 1 score (8 pages) ;  |c 30 cm. 
336 |a notated music  |b ntm  |2 rdacontent 
337 |a unmediated  |b n  |2 rdamedia 
338 |a volume  |b nc  |2 rdacarrier 
490 1 |a Mapa Mundi : Renaissance performing scores. Series B, Franco/Flemish church music ;  |v no. 6 
500 |a Motet for 5 voices or chorus (SAATB). 
500 |a English translations of texts and sources: page 8. 
650 0 |a Motets. 
650 0 |a Ascension Day music. 
700 1 |a Imrie, Martyn. 
830 0 |a Mapa Mundi (Series).  |n Series B,  |p Franco/Flemish church music ;  |v no. 6. 
948 |a cataloged  |b h  |c 2009/6/15  |d c  |e bhartsfi  |f 10:39:38 am 
994 |a C0  |b TXA 
999 |a MARS 
999 f f |s f44be767-87b3-3cab-96d3-99c255bbb1fe  |i bc3dd951-af28-3fb9-bef6-259fcd4c09d8  |t 0 
952 f f |p ric  |a Texas A&M University  |b Rellis Campus  |c Joint Library Facility  |d Remote Storage  |t 0  |e M2098.S55 O56 1978  |h Library of Congress classification  |i unmediated -- volume  |m A14832559464 
998 f f |a M2098.S55 O56 1978  |t 0  |l Remote Storage